Quizzes
Events
Quiz Creation
Community
Videos
Private Events
Remove Ads
Sign In
Join for FREE
Feedback
Dark Mode
Quiz Categories
Sports
Geography
Music
Movies
Television
Just For Fun
Miscellaneous
History
Literature
Language
Science
Gaming
Entertainment
Religion
Holiday
For Kids
Quiz Lab
Recent
Popular Today
Quiz Kudos Today
Editor Picks
Curator Picks
Quizzes by...
Day
Popularity
Type
Ratings
Length
Year
Community
Subscriptions
Recent Discussions
Orange Saloon
Badges
Playlists
Quests
Create
Leaderboards
Showdown
Live 5
Trivia Bingo
Activity
Puzzle Library
Sporcle Events
Private Events
Virtual Trivia
Globe League
Become a Host
Pub Owners
SporcleCon
Opinionation
Our Games
Videos
Blog
Mobile Apps
Partnerships
Remove Ads and Go Orange
Feedback
Television
TV Characters
TV Show
Sitcom
Network
Friends
Reality Shows
Cast
South Park
Star Trek
The Simpsons
Doctor Who
Television
TV Characters
TV Show
Sitcom
Network
Friends
Reality Shows
Cast
South Park
Star Trek
The Simpsons
Doctor Who
Random Quiz
Search Sporcle
×
Quiz Lab
Quiz Lab
Television
Doctor Who
Type in answers that appear in a list
Type in answers that appear in a list
Classic
Best Score? Go Orange.
Fifth Doctor Episodes (1982 - 1984) Stats
Can you name the Fifth Doctor Episodes (1982 - 1984)?
By
Kitnaz
6m
20 Questions
47 Plays
47 Plays
47 Plays
Comments
Comments
Give Quiz Kudos
Give Quiz Kudos
-
- Ratings
hide this ad
Replay
Link that replays current quiz
Next Quiz
Link to next quiz in quiz playlist
You Got
0%
They Got
Avg Score
80%
Avg Friend Score
Upgrade to see
Score Distribution
Jump to the score distribution portion of the page
Score
0/20
Timer
06:00
0
Plays Today
Season
Episode
% Correct
19
Castrovalva
95.7%
19
Earthshock
95.7%
21
Caves of Androzani
91.5%
19
Time - Flight
85.1%
21
The Five Doctors
85.1%
19
Kinda
83%
19
Black Orchid
83%
19
Four To Doomsday
80.9%
20
The King's Demons
80.9%
20
Snakedance
78.7%
Season
Episode
% Correct
20
Mawdryn Undead
78.7%
20
Terminus
78.7%
21
Planet of Fire
78.7%
19
The Visitation
76.6%
20
Arc Of Infinity
76.6%
20
Enlightenment
76.6%
21
Resurrection of the Daleks
76.6%
21
Warriors of the Deep
70.2%
21
Frontios
66%
21
The Awakening
63.8%
Quiz Playlist
Details
Report
Send in Message
Add To Playlist
Classic:
Type in answers that appear in a list
Last Updated: Feb 16, 2017
Quiz Scoreboard
CHALLENGE
Sign Up to Join the Scoreboard
Show All
Scores
Hide
Comments
May contain spoilers
Recently Published
Popular People in 1961
by mucciniale
History
6m
1-10 Letter E Words III
by El_Dandy
Language
2m
One Thing in Common: World Cities II
by knightlancer
Geography
7m
More to Explore
Quiz From the Vault
Featured Blog Post
Where Did the Easter Bunny Come From?
hide this ad
You Might Also Like...
Tags
Actor Quiz
Doctor Who Quiz
1982
1984
doctor
episode
fifth
season
Today's Top Quizzes in Television
Browse Television
hide this ad
Today's Top Quizzes in Doctor Who
Browse Doctor Who
Top Contributed Quizzes in Television
1
One Piece Logic Puzzle
2
Survivor Logic Puzzle: Heroes vs. Villains
3
Survivor Seasons
4
Survivor Season by Logo
5
Ultimate Survivor Logic Puzzle
6
Survivor Logic Puzzle: Winners at War
7
Survivor Trivia
8
Survivor Heroes vs. Villains Logic Puzzle
9
All US Survivor Seasons in Order
10
Emmerdale Characters (from August 2012)
Explore More
Trending Topics
Crossword
Harry Potter
Disney
Kpop
NBA
Marvel
Anime
The Office
Pokémon
Puzzle
WWE
NFL
Country
Song
Soccer
hide this ad
More By:
Kitnaz
Quiz
Plays
Rating
Category
Featured
Created
AC/DC Songs
27,472
4.30
Music
Sep 24, 2009
Slipknot Members
7,410
4.75
Music
Oct 7, 2009
Slipknot Songs By Lyric
4,117
2.20
Music
Sep 24, 2009
Guns N' Roses Lyrics
1,943
4.20
Music
Jan 3, 2010
Avenged Sevenfold Songs
1,020
5.00
Music
Apr 11, 2010
Go to Creator's Profile
Score Distribution
Quiz Creator Spotlight
Kitnaz
Follow
Send a Message
Quizzes Created
-
Created Quiz Play Count
-
More By This Creator
Popular Quizzes Today
1
Find the US States - No Outlines Minefield
2
The Countries of the World
3
Popular People in 1961
4
Find the Countries of Europe - No Outlines Minefield
5
1-10 Letter E Words III
6
Find the US States
7
One Thing in Common: World Cities II
8
US States
More Television Quizzes
Quick Pick: David Wallace Quotables (The Office)
Quiz Lab
Trending Quizzes
1-10 Letter F Words
One Thing in Common: Music
1-10 Letter G Words
Risky Map Clicking: Next State Alphabetically
1-10 Letter F Words II
Recently Updated
Leaping Animals
pecheneg
Reality TV Shows (A-Z)
bhenderson79
Rickey Henderson's Hall of Fame Teammates
pecheneg
Champions League XIs: Arsenal
pecheneg
Quick Pick: Celebrities in WWE's Hall of Fame
aduchscher
A-Z Keypad Blitz II
pecheneg
Multiple Oscar Actors
pecheneg
Mystery Phrase Blitz: Oscar 'Best Actors'
pecheneg
F. Scott Fitzgerald Novels
LTH
Pick 3 Villains
ddd62291
Trending Topics
Kpop
Harry Potter
Anime
Crossword
Marvel
Disney
NBA
The Office
Puzzle
Soccer
Country
Pokémon
NFL
Song
WWE
Your Account Isn't Verified!
In order to create a playlist on Sporcle, you need to verify the email address you used during registration. Go to your
Sporcle Settings
to finish the process.
Report this User
Report this user for behavior that violates our
Community Guidelines
.
Details:
Send Report
Go to the Sporcle.com Mobile Site →
Comments